000 00447cam a22001577a 4500
008 180718b1960 xxu||||| |||| 00| 0 eng d
082 _amA6x54 O6 L179
100 _aLambrick, H.T.
245 _aJohn Jacob of Jacobabad
_cby H.T. Lambrick
260 _aLondon
_bCassell
_c1960
300 _a465p.
500 _a63/-
650 _aJacob John, Brigandier - General, 1812-1858
650 _aSind - History
650 _aIndia - History - 1600 - 1857
999 _c370153
_d370153